00414nam a22001457a 4500999001900000003000500019038001300024082001300037100002700050245004700077260002700124300001300151942001200164952009200176 c532175d532175NUST aM.Ramzan a624bBRE aBrenner, Brian.925511 aBridginess more of the civil engineering  avirginia:bAS|CEc2009 a227 p, : 2ddccBK 00102ddc4070aNITbNITd2019-11-11l0o624 BREpNIT-9978r2019-11-11w2019-11-11yBK